000 00237nam a2200097Ia 4500
001 649483
005 20250826153742.0
008 250824s9999 xx 000 0 und d
245 0 _aBİZİM SINIFIN HALLERİ
_cPELİN GÜNEŞ
260 _bTUDEM
999 _c649483
_d649483